Enciclopedia histórica y política de las mujeres (Record no. 179098)

MARC details
000 -LEADER
campo de control de longitud fija 01323nam a2200337 i 4500
001 - NÚMERO DE CONTROL
campo de control 179098
003 - IDENTIFICADOR DE NÚMERO DE CONTROL
campo de control ES-MaACL
005 - FECHA Y HORA DE LA ÚLTIMA TRANSACCIÓN
campo de control 20250901043410.0
008 - DATOS DE LONGITUD FIJA--INFORMACIÓN GENERAL
campo de control de longitud fija 110908s2010 sp e |||| |dspa d
020 ## - NÚMERO INTERNACIONAL ESTÁNDAR DEL LIBRO
Número Internacional Estándar del Libro 978-84-460-2283-1
080 ## - NÚMERO DE LA CLASIFICACIÓN DECIMAL UNIVERSAL
Número de la Clasificación Decimal Universal 32-055.2(4)"14/19"
080 ## - NÚMERO DE LA CLASIFICACIÓN DECIMAL UNIVERSAL
Número de la Clasificación Decimal Universal 32-055.2(7)"18/19"
080 ## - NÚMERO DE LA CLASIFICACIÓN DECIMAL UNIVERSAL
Número de la Clasificación Decimal Universal 342.7-055.2
245 00 - MENCIÓN DEL TÍTULO
Título Enciclopedia histórica y política de las mujeres
Resto del título : Europa y América /
Mención de responsabilidad, etc. publicado bajo la dirección de Christine Fauré (dir.) ; traducción de Marisa Pérez Colina.
260 ## - PUBLICACIÓN, DISTRIBUCIÓN, ETC.
Lugar de publicación, distribución, etc. Tres Cantos, Madrid :
Nombre del editor, distribuidor, etc. Akal,
Fecha de publicación, distribución, etc. [2010]
300 ## - DESCRIPCIÓN FÍSICA
Extensión 943 p. ;
Dimensiones 25 cm.
490 1# - MENCIÓN DE SERIE
Mención de serie Akal/diccionarios ;
Designación de volumen o secuencia 50
500 ## - NOTA GENERAL
Nota general Índice onomástico.
504 ## - NOTA DE BIBLIOGRAFÍA, ETC.
Nota de bibliografía, etc. Referencias bibliográficas.
505 8# - NOTA DE CONTENIDO CON FORMATO
Nota de contenido con formato Contiene: 1. En el umbral de la modernidad, ¿ pueden gobernar las mujeres? - 2. La era de las revoluciones - 3. Luchas por la democracia
650 #7 - PUNTO DE ACCESO ADICIONAL DE MATERIA--TÉRMINO DE MATERIA
Término de materia o nombre geográfico como elemento de entrada Mujeres en la política
Fuente del encabezamiento o término embne
9 (RLIN) 146203
650 04 - PUNTO DE ACCESO ADICIONAL DE MATERIA--TÉRMINO DE MATERIA
Término de materia o nombre geográfico como elemento de entrada Mujeres-
Subdivisión general Derechos
9 (RLIN) 15263
650 07 - PUNTO DE ACCESO ADICIONAL DE MATERIA--TÉRMINO DE MATERIA
Término de materia o nombre geográfico como elemento de entrada Feminismo
Fuente del encabezamiento o término embne
9 (RLIN) 12744
700 1# - ENTRADA AGREGADA--NOMBRE PERSONAL
Nombre de persona Fauré, Christine.
9 (RLIN) 147863
700 1# - ENTRADA AGREGADA--NOMBRE PERSONAL
Nombre de persona Pérez Colina, Marisa.
9 (RLIN) 90735
830 00 - PUNTO DE ACCESO ADICIONAL DE SERIE-TÍTULO UNIFORME
Título uniforme Akal/Diccionarios
Designación de volumen o secuencia 50
9 (RLIN) 180610
852 ## - LOCALIZACIÓN
Ubicación ES-MaACL
itemnumber 185970
Sublocalización o colección R.145939
Número de control de estantería A-11488
Signatura antigua Olim: N-4492
Ubicación en estantería Depósito 1
942 ## - ELEMENTOS DE ENTRADA SECUNDARIOS (KOHA)
Fuente del sistema de clasificación o colocación Clasificación decimal universal
Tipo de ítem Koha Libro impreso
Holdings
Estatus retirado Estado de pérdida Fuente del sistema de clasificación o colocación Estado de daño No para préstamo Colección Biblioteca de origen Biblioteca actual Ubicación en estantería Fecha de adquisición Fuente de adquisición Total de préstamos Signatura topográfica completa Código de barras Visto por última vez Precio de reemplazo Tipo de ítem Koha
    Clasificación decimal universal     Colección de referencia Biblioteca del Ateneo de Madrid Biblioteca del Ateneo de Madrid Depósito 1 08/09/2011 Compra   A-11488 1188134 23/02/2023 23/02/2023 Libro impreso